| 000 | 00515nam a2200193Ia 4500 | ||
|---|---|---|---|
| 008 | 180207s9999 xx 000 0 und d | ||
| 020 | _a9781442420472 | ||
| 050 | _bS462 2011 | ||
| 100 | _aSeiss, Ellie | ||
| 245 | _aKai-lan and the very special shapes party / | ||
| 245 | _cby Ellie Seiss ; illustrated by Dave Walston. | ||
| 260 | _aNew York : | ||
| 260 | _bSimon Spotlight, | ||
| 260 | _c2011 | ||
| 300 | _aunpaged : | ||
| 300 | _bcolor illustration ; | ||
| 300 | _c20cm. | ||
| 440 | _aNihao, Kai-lan. | ||
| 999 |
_c355712 _d355712 |
||